Premier League 2023/24 Penalty Scorers - Statistics

General Stats
  • This quiz has been taken 23 times
  • The average score is 21 of 41
Answer Stats
# Team Penalties Scored Answer % Correct
3 Arsenal 6 Bukayo Saka
100%
2 Man City 7 Erling Haaland
100%
5 Liverpool 5 Mohamed Salah
100%
4 Newcastle 5 Alexander Isak
95%
9 Man Utd 4 Bruno Fernandes
95%
1 Chelsea 9 Cole Palmer
95%
13 Tottenham 2 Heung-min Son
95%
16 Arsenal 2 Martin Ødegaard
89%
12 Man Utd 2 Marcus Rashford
79%
10 Brentford 3 Bryan Mbeumo
74%
20 Everton 2 Dominic Calvert-Lewin
68%
14 Bournemouth 2 Dominic Solanke
68%
18 Crystal Palace 2 Jean-Philippe Mateta
68%
23 Newcastle 2 Callum Wilson
63%
40 Wolverhampton 1 Matheus Cunha
63%
26 Crystal Palace 1 Eberechi Eze
58%
17 West Ham 2 Lucas Paquetá
58%
33 Liverpool 1 Alexis Mac Allister
53%
27 Chelsea 1 Enzo Fernández
53%
6 Luton 5 Carlton Morris
47%
11 West Ham 2 James Ward-Prowse
47%
15 Man City 2 Julián Álvarez
47%
37 Arsenal 1 Kai Havertz
47%
8 Brighton 4 João Pedro
42%
28 Crystal Palace 1 Michael Olise
42%
30 Nottingham Forest 1 Morgan Gibbs-White
42%
25 Brighton 1 Pascal Groß
42%
24 Newcastle 1 Anthony Gordon
37%
35 Sheffield Utd 1 Ben Brereton Díaz
37%
7 Aston Villa 4 Douglas Luiz
32%
32 Chelsea 1 Noni Madueke
32%
39 Wolverhampton 1 Hee-chan Hwang
26%
34 Burnley 1 Jacob Bruun Larsen
21%
21 Sheffield Utd 2 Oli McBurnie
16%
38 Burnley 1 Jay Rodríguez
11%
31 Sheffield Utd 1 Oliver Norwood
11%
19 Wolverhampton 2 Pablo Sarabia
11%
29 Burnley 1 Zeki Amdouni
11%
41 Sheffield Utd 1 James McAtee
5%
22 Fulham 2 Willian
5%
36 Arsenal 1 Fábio Vieira
0%
No matching quizzes found
Score Distribution
Percent of People with Each Score
Percentile by Number Answered
Your Score History
You have not taken this quiz